Team of the Tournament - Europei 2000 - Statistics

Statistiche generali
  • Questo quiz è stato fatto 16 volte
  • Il punteggio medio è 11 su 22
Statistiche sulle risposte
Ruolo Nazione Calciatore % Corretto
Portiere Italia Francesco Toldo
93%
Difensore Italia Paolo Maldini
93%
Difensore Italia Alessandro Nesta
86%
Portiere Francia Fabien Barthez
79%
Difensore Italia Fabio Cannavaro
79%
Difensore Francia Lilian Thuram
64%
Centrocampista Francia Zinedine Zidane
64%
Attaccante Italia Francesco Totti
57%
Centrocampista Portogallo Rui Costa
57%
Attaccante Spagna Raúl
50%
Attaccante Francia Thierry Henry
50%
Difensore Francia Laurent Blanc
43%
Centrocampista Portogallo Luís Figo
43%
Centrocampista Francia Patrick Vieira
43%
Difensore Francia Marcel Desailly
36%
Attaccante Portogallo Nuno Gomes
29%
Difensore Paesi Bassi Frank de Boer
21%
Attaccante Paesi Bassi Patrick Kluivert
21%
Centrocampista Spagna Pep Guardiola
21%
Centrocampista Italia Demetrio Albertini
14%
Attaccante Yugoslavia Savo Milošević
14%
Centrocampista Paesi Bassi Edgar Davids
7%
Nessun quiz corrispondente trovato
Distribuzione punteggi
Percentuale di utenti per punteggio
Percentile per numero di risposta
I tuoi punteggi nel tempo
Non hai fatto questo quiz